| 000 | 00545nam a2200181Ia 4500 | ||
|---|---|---|---|
| 003 | GCL | ||
| 008 | 140319s9999 xx 000 0 ara d | ||
| 040 |
_aGCL / _cGCL |
||
| 082 | 0 | 4 |
_a610.92 _bا ط |
| 100 | 1 | _aالفاضل العبيد عمر | |
| 245 | 1 | 0 |
_aالطب الاسلامى عبر القرون / _cالفاضل العبيد عمر |
| 260 |
_a[S.N] : _bدار الشواف للنشر والتوزيع ، _c1989 |
||
| 300 | _a408 ص | ||
| 490 | _a | ||
| 650 | 0 | 4 | _aالطب |
| 650 | 0 | 4 | _aالاسلام والطب |
| 942 |
_2ddc _cBK |
||
| 999 |
_c33405 _d33405 |
||